Central Library OPAC University of Rajshahi

The pond / (Record no. 11872)

MARC details
000 -LEADER
fixed length control field 01191cam a2200349 a 4500
001 - CONTROL NUMBER
control field 11872
003 - CONTROL NUMBER IDENTIFIER
rucl marc code BD-RjUL
005 - DATE AND TIME OF LATEST TRANSACTION
control field 20211208235209.0
008 - FIXED-LENGTH DATA ELEMENTS--GENERAL INFORMATION
fixed length control field 140127s1985 maua b 001 0 eng
020 ## - INTERNATIONAL STANDARD BOOK NUMBER
International Standard Book Number 026220049X
035 ## - SYSTEM CONTROL NUMBER
System control number (BD-RjUL)11921
040 ## - CATALOGING SOURCE
Original cataloging agency DLC
Transcribing agency DLC
Modifying agency DLC
-- BD-RjUL
Language of cataloging eng
041 ## - LANGUAGE CODE
Language code of text/sound track or separate title eng
082 00 - DEWEY DECIMAL CLASSIFICATION NUMBER
Classification number 574.526322
Edition number 19
Author mark and year THP 1985
100 1# - MAIN ENTRY--PERSONAL NAME
Personal name Thompson, Gerald,
9 (RLIN) 36782
245 14 - TITLE STATEMENT
Title The pond /
Statement of responsibility, etc. text by Gerald Thompson, Jennifer Coldrey ; principal photographer, George Bernard ; line illustrations by Gerald Thompson.
250 ## - EDITION STATEMENT
Edition statement 1st MIT Press ed.
260 ## - PUBLICATION, DISTRIBUTION, ETC. (IMPRINT)
Place of publication, distribution, etc. Cambridge, Mass. :
Name of publisher, distributor, etc. MIT Press,
Date of publication, distribution, etc. c1984 [Reprint 1985].
300 ## - PHYSICAL DESCRIPTION
Pagination 256 p. :
Illustrations ill. (some col.) ;
Size 28 cm.
500 ## - GENERAL NOTE
General note At head of title: Oxford Scientific Films.
General note Includes index.
504 ## - BIBLIOGRAPHY, ETC. NOTE
Bibliography, etc Bibliography: p. 256.
650 #0 - SUBJECT ADDED ENTRY--TOPICAL TERM
Topical term or geographic name as entry element Pond ecology.
9 (RLIN) 36783
Topical term or geographic name as entry element Pond animals
General subdivision Identification.
9 (RLIN) 36784
Topical term or geographic name as entry element Pond plants
General subdivision Identification.
9 (RLIN) 36785
700 1# - ADDED ENTRY--PERSONAL NAME
Personal name Coldrey, Jennifer.
Personal name Bernard, George,
Dates associated with a name 1949-
710 2# - ADDED ENTRY--CORPORATE NAME
Corporate name or jurisdiction name as entry element Oxford Scientific Films.
9 (RLIN) 36788
942 ## - ADDED ENTRY ELEMENTS (KOHA)
Source of classification or shelving scheme Dewey Decimal Classification
Koha item type Books
Holdings
Lost status Source of classification or shelving scheme Damaged status Not for loan Collection code Permanent Location Current Location Shelving location Date acquired Source of acquisition Cost, normal purchase price Total Checkouts Full call number Date last seen Copy number Koha item type
  Dewey Decimal Classification   Not For Loan Non-fiction Central Library, University of Rajshahi Central Library, University of Rajshahi Reading Room 18/06/1988 mallick brothers 24.53   574.526322 THP 1985 27/01/2014 C-1 Books